| 000 | 00568nam a22001817a 4500 | ||
|---|---|---|---|
| 010 | _aENG-119542 | ||
| 020 |
_a9788170547365 _c390.00 |
||
| 035 | _aEN-103074 | ||
| 037 | _bDBAD/PUB | ||
| 082 | _a382 | ||
| 100 | _aGulla, Amrita | ||
| 245 |
_aWTO and new world order / _cby Amrita Gulla Shahabadi |
||
| 260 |
_aNew Delhi _bClassical Publishing Company _c2016 |
||
| 270 |
_a28, Shopping Centre, Karampura, _bNew Delhi _e110015 |
||
| 300 |
_axiv,306p. _c22cm(Hb) |
||
| 500 | _a Includes bibliographical references | ||
| 942 |
_2ddc _cEN _h382 _mGUL |
||
| 999 |
_c143196 _d143196 |
||